Quizzes
Events
Quiz Creation
Community
Videos
Private Events
Remove Ads
Sign In
Join for FREE
Feedback
Dark Mode
Quiz Categories
Sports
Geography
Music
Movies
Television
Just For Fun
Miscellaneous
History
Literature
Language
Science
Gaming
Entertainment
Religion
Holiday
For Kids
Quiz Lab
Recent
Popular Today
Quiz Kudos Today
Editor Picks
Curator Picks
Quizzes by...
Day
Popularity
Type
Ratings
Length
Year
Community
Subscriptions
Recent Discussions
Orange Saloon
Badges
Playlists
Quests
Create
Leaderboards
Showdown
Live 5
Trivia Bingo
Activity
Puzzle Library
Sporcle Events
Private Events
Virtual Trivia
Globe League
Become a Host
Pub Owners
SporcleCon
Opinionation
Our Games
Videos
Blog
Mobile Apps
Partnerships
Remove Ads and Go Orange
Feedback
Music
Pop Music
The Beatles
Song
Album
Lyrics
Bands
Singers
Artist
Clip
Rock
Rap
Classical
Billboard
Country Music
Kpop
Taylor Swift
Music
Pop Music
The Beatles
Song
Album
Lyrics
Bands
Singers
Artist
Clip
Rock
Rap
Classical
Billboard
Country Music
Kpop
Taylor Swift
Random Quiz
Search Sporcle
×
Editor Pick
Editor Pick
Music
Song
Type in answers that appear in a list
Type in answers that appear in a list
Classic
Best Score? Go Orange.
#1 Billboard Hot 100 Debuts Stats
Can you name the songs that have debuted at #1 on the Billboard Hot 100?
By
sbme
7m
35 Questions
1,649 Plays
1,649 Plays
1,649 Plays
Comments
Comments
Give Quiz Kudos
Give Quiz Kudos
-
- Ratings
hide this ad
More Info
Replay
Link that replays current quiz
Next Quiz
Link to next quiz in quiz playlist
You Got
0%
They Got
Avg Score
22%
Avg Friend Score
Upgrade to see
Score Distribution
Jump to the score distribution portion of the page
Score
0/35
Timer
07:00
0
Plays Today
Artist
Song
% Correct
Adele
Hello
76.5%
Ed Sheeran
Shape of You
72.7%
Ariana Grande
thank u, next
66.4%
Ariana Grande
7 Rings
65.6%
Céline Dion
My Heart Will Go On
64.8%
Childish Gambino
This Is America
62.5%
ZAYN
PILLOWTALK
62.1%
Elton John
Candle in the Wind 1997/Something About the Way You Look Tonight
60.9%
Drake
God's Plan
60.2%
Jonas Brothers
Sucker
60.2%
Justin Timberlake
Can't Stop the Feeling!
58.6%
Taylor Swift
Shake It Off
57.3%
Aerosmith
I Don't Want to Miss a Thing
56.3%
Puff Daddy & Faith Evans ft. 112
I'll Be Missing You
52.5%
DJ Khaled feat. Justin Bieber, Quavo, Chance the Rapper & Lil Wayne
I'm the One
50.8%
Britney Spears
3
50.1%
Mariah Carey & Boyz II Men
One Sweet Day
42.3%
Justin Bieber
What Do You Mean?
42.2%
Artist
Song
% Correct
Baauer
Harlem Shake
42.2%
Lauryn Hill
Doo Wop (That Thing)
42.1%
Katy Perry
Part of Me
40.7%
Drake
Nice for What
37.5%
Eminem
Not Afraid
36%
Mariah Carey
Fantasy
30.4%
Michael Jackson
You Are Not Alone
29%
Mariah Carey
Honey
25.2%
Carrie Underwood
Inside Your Heaven
24%
Taylor Hicks
Do I Make You Proud
23.7%
Lady Gaga
Born This Way
22.2%
Fantasia
I Believe
21.3%
Ke$ha
We R Who We R
20.6%
Céline Dion & R. Kelly
I'm Your Angel
19.6%
Whitney Houston
Exhale (Shoop Shoop)
18.6%
Britney Spears
Hold It Against Me
16.7%
Clay Aiken
This Is the Night
14.4%
Quiz Playlist
Details
Report
Send in Message
Add To Playlist
More Info:
Name the songs that debuted at #1 on the Billboard Hot 100.
Classic:
Type in answers that appear in a list
Quiz Source
Last Updated: Feb 16, 2017
Editor Pick in
Music
Quiz Scoreboard
CHALLENGE
Sign Up to Join the Scoreboard
Show All
Scores
Hide
Comments
May contain spoilers
Recently Published
College Basketball Coaching Resumes
by pancakes188
Sports
9m
Billboard Blitz: Fleetwood Mac
by CooCooCachoo
Music
15s
Presidents Visiting Landmarks
by Hejman
History
7m
More to Explore
Quiz From the Vault
Featured Blog Post
Where Did the Easter Bunny Come From?
hide this ad
You Might Also Like...
Tags
Artist Quiz
Billboard Quiz
Song Quiz
100
date
debut
Entry
hot
Music Charts
Today's Top Quizzes in Music
Browse Music
hide this ad
Today's Top Quizzes in Song
Browse Song
Top Contributed Quizzes in Music
1
Taylor Swift All Songs (2024)
2
Guess the Artist- 70s Songs
3
7-to-1: Billboard Hot 100 #1 Hits of 2010s
4
Sorting Albums and Songs
5
Taylor Swift Logic Puzzle
6
KPOP LOGIC QUIZ
7
One Thing in Common: Music
8
Guess the Taylor Swift song (Mystery Song)
9
2010s Album by Cover III
10
Guess The Taylor Swift Lyrics Song #1
Explore More
Trending Topics
Anime
Marvel
Crossword
Harry Potter
NBA
Kpop
Disney
Song
Pokémon
Puzzle
Country
Soccer
NFL
The Office
WWE
hide this ad
More By:
sbme
Quiz
Plays
Rating
Category
Featured
Created
Heart Stopping Challenge
682,040
3.24
Science
Mar 29, 2012
The Digestion Progression Challenge
252,944
3.63
Science
May 25, 2012
Top 10 Hits of 2010
154,692
3.80
Music
Dec 16, 2010
Big Mac Meltdown
143,084
3.66
Miscellaneous
Mar 29, 2012
Top 10 Hits of 2009
124,076
3.70
Music
Oct 2, 2009
Go to Creator's Profile
Score Distribution
Quiz Creator Spotlight
sbme
Follow
Send a Message
Quizzes Created
-
Created Quiz Play Count
-
More By This Creator
Popular Quizzes Today
1
Find the US States - No Outlines Minefield
2
Find the Countries of Europe - No Outlines Minefield
3
The Countries of the World
4
Find the US States
5
Risky Map Clicking: Biggest States A-Z
6
US States
7
Popular People in 1961
8
Movies - When Are They Set?
More Music Quizzes
Band/Singer Fandoms 8
Quiz Lab
Trending Quizzes
Risky Map Clicking: Least Populous States A-Z
1-10 Letter G Words
1-10 Letter F Words
Risky Map Clicking: Next State Alphabetically
Click the Washington State Counties! (Map)
Recently Updated
Leaping Animals
pecheneg
Reality TV Shows (A-Z)
bhenderson79
Rickey Henderson's Hall of Fame Teammates
pecheneg
Champions League XIs: Arsenal
pecheneg
Quick Pick: Celebrities in WWE's Hall of Fame
aduchscher
A-Z Keypad Blitz II
pecheneg
Multiple Oscar Actors
pecheneg
Mystery Phrase Blitz: Oscar 'Best Actors'
pecheneg
F. Scott Fitzgerald Novels
LTH
Pick 3 Villains
ddd62291
Trending Topics
Disney
Marvel
Anime
NBA
Harry Potter
Crossword
Kpop
Soccer
Puzzle
NFL
The Office
Pokémon
Country
Song
WWE
Your Account Isn't Verified!
In order to create a playlist on Sporcle, you need to verify the email address you used during registration. Go to your
Sporcle Settings
to finish the process.
Report this User
Report this user for behavior that violates our
Community Guidelines
.
Details:
Send Report
Go to the Sporcle.com Mobile Site →
Comments